000 00456nam a2200133Ia 4500
008 100328s9999 xx 000 0 und d
082 _b5436
100 _a---
245 _aमराठी ग्रंथालयाचा इतिहास
260 _bपूजा
630 _aमराठी ग्रंथालयाचा इतिहास
730 _aमराठी ग्रंथालयाचा इतिहास
942 _cBOOK
999 _c501434
_d501431